| 000 | 00818 a2200229 4500 | ||
|---|---|---|---|
| 999 |
_c834 _d834 |
||
| 020 | _a0864862970 | ||
| 050 | 0 | 0 | _aDT1949.RAM 1995 |
| 100 | 1 | _aRamphele, Mamphela. | |
| 245 | 1 | 0 |
_aMamphela Ramphele : _ba life / _cDavid Phillip |
| 264 |
_aCapetown: _bDavid Phillip., _c1995 |
||
| 300 |
_a224 p. : _bill. ; |
||
| 500 | _ait has index | ||
| 504 | _aIncludes bibliographical references. | ||
| 650 | 0 |
_aWomen civil rights workers _xBiography. |
|
| 650 | 0 |
_aCivil rights workers _xBiography. |
|
| 650 | 0 |
_aBlacks _xPolitics and government. |
|
| 650 | 0 |
_aWomen college administrators _xBiography. |
|
| 650 | 0 |
_aCollege administrators _xBiography. |
|
| 651 | 0 | _aSouth Africa | |
| 942 |
_2lcc _cBK _h1949 _iRAM _kDT |
||